000 00290nam a22001337a 4500
008 170824b xxu||||| |||| 00| 0 eng d
020 _a0314023895
041 _aeng
080 _a51
100 _a38
101 _aMAT
245 _aINTRODUCTORY ALGEBRA
_cBLOOMFIELD,D.I
942 _2udc
_cBK
999 _c24809
_d24809